Research and development: in Sub-Saharan Africa (Record no. 80135)

MARC details
000 -LEADER
fixed length control field 00730nam a2200157 a 4500
008 - FIXED-LENGTH DATA ELEMENTS--GENERAL INFORMATION
fixed length control field 080925s2006 ||||||||||||||||| || u
050 ## - LIBRARY OF CONGRESS CALL NUMBER
Classification number ISSA(05)
110 ## - MAIN ENTRY--CORPORATE NAME
Corporate name or jurisdiction name as entry element Graphic-Studio
245 10 - TITLE STATEMENT
Title Research and development: in Sub-Saharan Africa
260 ## - PUBLICATION, DISTRIBUTION, ETC.
Place of publication, distribution, etc. Daker
Name of publisher, distributor, etc. Graphic-Studio
Date of publication, distribution, etc. 2006
300 ## - PHYSICAL DESCRIPTION
Extent 11p. :ill.
350 ## -
-- 0.00
650 ## - SUBJECT ADDED ENTRY--TOPICAL TERM
Topical term or geographic name entry element RESEARCH AND DEVELOPMENT--PERIODICALS
995 ## -
-- SPECIAL COLLECTIONS
-- 0.00
-- ISSA(05)RD/2006
-- CBU-MAIN LIBRARY (Kitwe)
-- 1
-- 0.00
-- ISSA(05)RD/2006
-- 1
-- AVAILABLE
-- Sep 25, 2008
-- Z03002921
-- International Publications
995 ## -
-- SPECIAL COLLECTIONS
-- 0.00
-- ISSA(05)RD/2006
-- CBU-MAIN LIBRARY (Kitwe)
-- 1
-- 0.00
-- ISSA(05)RD/2006
-- 2
-- AVAILABLE
-- Sep 25, 2008
-- Z03002923
-- International Publications
999 ## -
-- 80135
-- 80135
Holdings
Withdrawn status Lost status Source of classification or shelving scheme Damaged status Not for loan Permanent Location Current Location Shelving location Date acquired Total Checkouts Full call number Barcode Date last seen Copy number Price effective from Koha item type
          CBU-MAIN LIBRARY, KITWE. CBU-MAIN LIBRARY, KITWE.   06/29/2023   ISSA(05) Z03002921 06/29/2023 1 06/29/2023 SPECIAL COLLECTION
          CBU-MAIN LIBRARY, KITWE. CBU-MAIN LIBRARY, KITWE.   06/29/2023   ISSA(05) Z03002923 06/29/2023 2 06/29/2023 SPECIAL COLLECTION